[Event "EYCC Open U14 2018"]
[Site "Riga"]
[Date "2018.08.23"]
[Round "4"]
[White "Kirillov, Dmitry"]
[Black "Oglaza, Oskar"]
[Result "1-0"]
[WhiteElo "2209"]
[BlackElo "2364"]
[Annotator "TA"]
[PlyCount "77"]
[EventDate "2018.08.20"]
[EventType "swiss"]
[EventCountry "LAT"]
[SourceTitle "playchess.com"]
[Source "ChessBase"]
[SourceQuality "1"]

{[%evp 17,77,-21,-3,-22,0,0,25,35,27,30,29,0,35,-6,0,0,-5,-8,-16,-4,-7,-15,-12,-12,3,2,0,-8,21,8,49,32,78,66,75,9,13,0,147,139,327,194,557,535,470,464,467,416,29984,29985,29989,29990,29991,29992,29992,29993,29993,29994,29994,29995,29995,29996]} 1. e4 e6 2. d4 d5 3. Nd2 Be7 4. Bd3 c5 5. c3 (5. dxc5 Nf6 6. Ngf3 dxe4 7. Nxe4 Nxe4 8. Bxe4 Qxd1+ 9. Kxd1 Bxc5 10. Ke2 Nd7 11. Be3 Bxe3 12. Kxe3 Nc5 13. Rhd1 Ke7 14. Bd3 f6 15. Bc4 Bd7 16. b4 Na4 17. Rxd7+ Kxd7 18. Bb5+ {½-½ (52) Svidler,P (2753)-Yu,Y (2759) Shenzhen 2018}) 5... cxd4 6. cxd4 {C03: French Tarrasch: Unusual Black 3rd moves} dxe4 7. Nxe4 Nf6 8. Nf3 Bd7 9. O-O Bc6 {LiveBook: 6 Games} 10. Qe2 Nbd7 11. Ne5 $146 {[#] Strongly threatening Nxf7.} ({Predecessor:} 11. h3 O-O 12. a3 Rc8 13. Bf4 Qb6 14. b4 Nxe4 15. Bxe4 Bxe4 16. Qxe4 {½-½ (49) Cervello Tost,R (2012)-Gomez Pardo Gordillo,V (2152) Hospitalet de Llobregat 2017}) 11... Nd5 12. Nxc6 bxc6 13. Qg4 g6 {Threatening ...f5.} 14. Qg3 Qb6 15. Nd6+ Bxd6 16. Qxd6 Qxd4 17. Rd1 Qc5 18. Qg3 O-O 19. Bh6 Rfb8 20. Rac1 Qe7 21. b3 {[%cal Bb2b3,Bb3c4][%mdl 32]} Rb6 22. Rc4 a5 23. h4 $40 {[%mdl 128] White has some attack.} Rb4 24. h5 Rxc4 25. bxc4 N5f6 26. hxg6 ({Better is} 26. Bg5 $16) 26... hxg6 $11 27. Bc2 Nh5 (27... e5 $1 $11) 28. Qc7 $16 {[%mdl 1024] White has strong compensation.} Rd8 $2 {[#]} (28... Nhf6 $16) 29. Ba4 (29. Qxa5 Rb8 $16) (29. Qxc6 Ne5 $16) (29. Be4 $142) 29... Kh7 $2 (29... g5 30. Qxa5 (30. Bxc6 Kh7 $16) 30... e5 31. Bxc6 Nf4) 30. Be3 $18 {[%cal Bh6e3,Be3g5,Bg5f6][%mdl 32]} Nhf6 31. Bg5 Kg7 32. Bxc6 Rh8 (32... Ne5 $18 33. Qxd8 Qxd8 34. Rxd8 Nxc6) 33. Rxd7 {White mates.} Qf8 34. Qe5 Kg8 35. Bxf6 Rh1+ 36. Kxh1 Qh6+ 37. Kg1 {[%cal Bh1g1,Bg1h2,Bh2g3][%mdl 32]} Qc1+ 38. Kh2 Qh6+ 39. Kg3 {Precision: White = 48%, Black = 20%.} 1-0

[Event "EYCC Open U14 2018"]
[Site "Riga"]
[Date "2018.08.23"]
[Round "4"]
[White "Atakishiyev, Elmar"]
[Black "Patrelakis, Evaggelos"]
[Result "0-1"]
[WhiteElo "2198"]
[BlackElo "2235"]
[Annotator "TA"]
[PlyCount "96"]
[EventDate "2018.08.20"]
[EventType "swiss"]
[EventCountry "LAT"]
[SourceTitle "playchess.com"]
[Source "ChessBase"]
[SourceQuality "1"]

{[%evp 30,96,19,0,-10,-91,-103,-92,-88,-102,-88,-136,-141,-121,-124,-139,-60,-60,-64,-103,-107,-76,-96,-155,-163,-318,-308,-307,-322,-325,-305,-300,-313,-316,-283,-371,-377,-388,-295,-317,-302,-386,-325,-374,-445,-420,-420,-400,-364,-367,-304,-534,-545,-936,-942,-859,-552,-553,-450,-1227,-636,-743,-722,-1362,-733,-29979,-6372,-4918,-4202]} 1. e4 c5 2. Nf3 d6 3. d4 cxd4 4. Nxd4 Nf6 5. Nc3 a6 6. Bg5 e6 7. f4 Nbd7 8. Qf3 Qc7 9. O-O-O Be7 10. g4 {[%cal Bg2g4,Bg4g5][%mdl 32]} b5 11. Bxf6 Nxf6 12. g5 Nd7 13. f5 Nc5 14. f6 gxf6 15. gxf6 Bf8 {[%cal Be7f8,Bf8h6,Bh6g5][%mdl 32]} 16. Bh3 b4 {B99: Sicilian Najdorf: 6 Bg5 e6 7 f4 Be7 8 Qf3 Qc7 9 0-0-0 Nbd7} 17. Nce2 (17. Nd5 $1 $11 {remains equal.} exd5 18. exd5 Bxh3 19. Rhe1+ Kd8 20. Nc6+ Kc8 21. Qxh3+ Qd7 22. Qh5) (17. Nd5 exd5 18. exd5 Bxh3 19. Rhe1+ Kd8 20. Nc6+ Kc8 21. Qxh3+ Qd7 22. Qh5 Kc7 23. Nxb4 Re8 24. Nc6 {1-0 (57) Chylewski,P (2241)-Garanin,A (2192) Rymanow Zdroj 2017}) 17... Bb7 $17 18. Ng3 O-O-O {Black is better.} 19. Rhe1 Kb8 20. Nb3 $146 ({Predecessor:} 20. Kb1 h5 21. Nb3 h4 22. Nxc5 Qxc5 23. Ne2 Qe5 24. Nd4 Qxh2 {0-1 (40) Pache Marconell,J-Ramirez Rus,F (1832) Cullera 2004}) 20... Bh6+ 21. Kb1 Bg5 22. Bf1 {[#]} Nxb3 (22... h5 $1 $17 {[%mdl 512]} 23. Nxh5 Rc8) 23. axb3 $15 Qc5 24. Bd3 Qe5 25. Rf1 {[#]} h5 $1 {[%mdl 512]} 26. Nxh5 (26. Qf2 $142) 26... Rh6 $40 {[%mdl 128] aiming for ...Rdh8. Black goes for the king.} (26... Qxh2 27. Ng3 $17) 27. Be2 $2 (27. Qe2) 27... Bxe4 $19 28. Qf2 {[#]} Be3 $1 {[%cal Re3f2][%mdl 512]} 29. Qe1 (29. Qxe3 Bxc2+) 29... Qc5 (29... Rxh5 30. Qxb4+ Ka7 31. Bxh5 $15) 30. Bd3 Bg2 ({Weaker is} 30... Rxh5 31. Bxe4 Rxh2 32. Qg3 $15) 31. Ng3 Bxf1 ({But not} 31... Rxh2 32. Ne4 $17) 32. Qxf1 Rxh2 33. Ne4 Qc6 34. Qe1 Bc5 35. Ng5 Qb7 36. Qg3 Rh1 37. Rxh1 Qxh1+ 38. Ka2 Rg8 39. Qf4 Qb7 40. Ne4 $2 (40. Bh7 {was worth a try.} Rc8 41. Kb1) 40... Qb6 41. Bf1 Rg1 42. Qf3 Bd4 43. Nd2 d5 44. Qh5 (44. Qh3 $142 Bxf6 45. Nf3) 44... Qc7 {Strongly threatening ...Bxb2!} 45. Qh8+ Ka7 46. Qh4 Be3 47. Qe1 Bxd2 (47... Qa5+ $142 48. Kb1 Bxd2 49. Qf2+ Qb6 50. Qe2 Bg5 51. Qd3 Bxf6 52. Qe2 Kb7 53. Ka2 Qa5+ 54. Kb1 Qb5 55. c4 bxc3 56. Qxb5+ axb5 57. bxc3 Rxf1+ 58. Kc2 Rf2+ 59. Kd3 Bg5 60. c4 b4 61. Kd4 Kc6 62. c5 {[#]} e5+ $1 {[%mdl 512]} 63. Kxe5 Bf6#) 48. Qf2+ Qb6 {Precision: White = 24%, Black = 67%.} 0-1

[Event "EYCC Open U14 2018"]
[Site "Riga"]
[Date "2018.08.23"]
[Round "4"]
[White "Hoffmann, Yair"]
[Black "Karacsonyi, Gellert"]
[Result "1/2-1/2"]
[WhiteElo "2112"]
[BlackElo "2229"]
[Annotator "TA"]
[PlyCount "54"]
[EventDate "2018.08.20"]
[EventType "swiss"]
[EventCountry "LAT"]
[SourceTitle "playchess.com"]
[Source "ChessBase"]
[SourceQuality "1"]

{[%evp 15,54,-12,-10,-61,-57,-78,-68,-71,-31,-31,-31,-31,-31,-21,-17,-12,-10,-10,0,-9,-8,-7,0,-11,-12,-15,12,11,18,6,35,31,18,22,27,33,36,11,11,0,0]} 1. d4 Nf6 2. Nf3 d5 3. Bf4 c5 4. c3 Nc6 5. e3 Qb6 6. Qb3 c4 7. Qxb6 axb6 8. Na3 Na7 {LiveBook: 7 Games. D02: 1 d4 d5 2 Nf3 sidelines, including 2...Nf6 3 g3 and 2...Nf6 3 Bf4} (8... Bf5 9. Nb5 Kd7 10. Be2 e6 11. O-O Ra5 12. a4 Bc2 13. Ng5 Bg6 14. Rfc1 Be7 15. Nf3 Rha8 16. Nc7 Rc8 {0-1 (35) Javakhishvili,L (2465)-Girya,O (2482) Tbilisi 2018}) 9. Bc7 ({White should play} 9. Nc2 $11) 9... b5 10. Be2 Bf5 {Black is better.} 11. Nh4 Bg6 $146 ({Predecessor:} 11... Bd7 12. O-O e6 13. Nc2 Nc6 14. a3 Be7 15. g3 O-O 16. Ng2 {0-1 (40) Stepins,E (2269)-Sveshnikov,V (2377) Olaine 2017}) 12. Nxg6 hxg6 13. O-O e6 14. Nc2 Nc6 15. a3 Kd7 16. Bf4 Nh5 17. Rae1 Be7 18. Bxh5 Rxh5 19. f3 g5 20. Bg3 Bd6 (20... f5 {is interesting.} 21. Rb1 Bd8 22. b3 b6 23. Rfe1 Rh8) 21. Bxd6 Kxd6 22. e4 Rah8 23. h3 Ne7 24. Ne3 f6 25. Re2 Ng6 26. Rd2 Nf4 27. Ra1 Ra8 {Precision: White = 50%, Black = 66%.} 1/2-1/2

[Event "EYCC Open U14 2018"]
[Site "Riga"]
[Date "2018.08.24"]
[Round "5"]
[White "Bjerre, Jonas Buhl"]
[Black "Morgunov, Marc"]
[Result "1/2-1/2"]
[WhiteElo "2423"]
[BlackElo "2373"]
[Annotator "TA"]
[PlyCount "70"]
[EventDate "2018.08.20"]
[EventType "swiss"]
[EventCountry "LAT"]
[SourceTitle "playchess.com"]
[Source "ChessBase"]
[SourceQuality "1"]

{[%evp 19,70,52,41,36,41,29,34,24,26,6,6,6,8,6,8,5,28,0,22,17,7,11,19,16,35,27,37,40,55,40,24,-27,-18,-24,27,20,26,26,23,23,32,0,0,0,0,-25,-18,-18,-18,-20,-6,-38,-25]} 1. e4 c5 2. c3 d5 3. exd5 Qxd5 4. d4 Nf6 5. Nf3 e6 6. Na3 Qd8 7. Nc2 Be7 8. Bd3 O-O 9. O-O {B22: Sicilian: 2 c3} (9. Qe2 b6 10. Bf4 Bb7 11. dxc5 bxc5 12. Rd1 Qa5 13. Na3 Nbd7 14. O-O Nb6 15. Ne5 Nbd5 16. Bg3 Rac8 {1-0 (42) Godena,M (2508)-Ter Sahakyan,S (2578) Plovdiv 2012}) 9... cxd4 10. Ncxd4 b6 {LiveBook: 3 Games} 11. Qe2 {White is slightly better.} Bb7 12. Rd1 Nbd7 13. Bb5 $146 ({Predecessor:} 13. Bc2 Kh8 14. Bf4 Qc8 15. Ne5 Nc5 16. Bg5 h6 17. Bh4 g5 18. Bg3 Nce4 19. f3 Nxg3 20. hxg3 Kg7 21. Kh2 Ba6 22. Nb5 {½-½ (22) Percze,J (2234)-Nemeth,A (2245) Hungary 1999}) 13... Bc5 14. Nb3 Qc7 15. Nxc5 Nxc5 16. Qe5 Qe7 17. Nd4 {[#] Nf5! is the strong threat.} Rfd8 18. Bf4 Rd5 19. Qe2 {Threatening c4.} a6 20. Bc4 Rd7 21. a4 Rad8 22. f3 Nd5 23. Bg3 Qg5 24. Re1 Rc8 25. Ba2 (25. Qf2 $142) 25... h5 $11 26. Qe5 Qxe5 ({Black should try} 26... Qh6 27. Bc4 h4) 27. Rxe5 Nd3 28. Re2 $1 a5 29. Nb5 Ba6 30. Bb3 Nc5 31. Bc2 h4 $36 {[%mdl 2048] Black is pushing.} 32. Bxh4 Nf4 33. Rf2 $1 Nfd3 34. Bxd3 Rxd3 35. Nd4 Nxa4 {Precision: White = 50%, Black = 83%.} 1/2-1/2

[Event "EYCC Open U14 2018"]
[Site "Riga"]
[Date "2018.08.24"]
[Round "5"]
[White "Kacharava, Nikolozi"]
[Black "Tsoi, Dmitry"]
[Result "1/2-1/2"]
[WhiteElo "2361"]
[BlackElo "2393"]
[Annotator "NA"]
[PlyCount "89"]
[EventDate "2018.08.20"]
[EventType "swiss"]
[EventCountry "LAT"]
[SourceTitle "playchess.com"]
[Source "ChessBase"]
[SourceQuality "1"]
[TimeControl "40/5400+30:1800+30"]

1. e4 {[%emt 0:00:00]} e5 {[%emt 0:00:00]} 2. Nf3 {[%emt 0:00:00]} d6 {[%emt 0:00:00]} 3. d4 {[%emt 0:00:20]} exd4 {[%emt 0:00:00]} 4. Nxd4 {[%emt 0:00:14]} Nf6 {[%emt 0:00:02]} 5. Nc3 {[%emt 0:00:22]} Be7 {[%emt 0:00:15]} 6. g3 {[%emt 0:00:38]} Nc6 {[%emt 0:01:40] C41: Philidor-Verteidigung} (6... O-O 7. Bg2 Re8 8. O-O Bf8 9. h3 Nbd7 10. Re1 c5 11. Nf5 Ne5 12. Bg5 h6 13. Bxf6 Qxf6 14. Nd5 Qd8 {½-½ (32) Oparin,G (2602)-Mamedyarov,S (2799) Moscow 2017}) 7. Bg2 {[%emt 0:00:48]} Bg4 {[%emt 0:00:18] LiveBook: 19 Games} 8. Nxc6 {[%emt 0:04:33]} bxc6 {[%emt 0:00:22]} 9. Qd2 {[%emt 0:00:56]} O-O {[%emt 0:00:50]} 10. O-O {[%emt 0:00:41]} Qc8 {[%emt 0:00:48]} 11. b3 {[%emt 0:00:47]} Bh3 {[%emt 0:00:17]} 12. Bb2 {[%emt 0:00:40]} Bxg2 {[%emt 0:00:35]} 13. Kxg2 {[%emt 0:00:06] [#]} Nd7 $146 {[%emt 0:02:54]} ({Vorgänger:} 13... Re8 14. f3 Qa6 15. Rfe1 Rad8 16. Ne2 Nd7 {½-½ (26) Goncharenko,G (2493)-Wilczek,T (2648) ICCF email 2011}) 14. Ne2 {[%emt 0:04:14]} Bf6 {[%emt 0:01:20]} 15. c4 {[%emt 0:02:31]} Re8 {[%emt 0:01:05]} 16. f3 {[%emt 0:03:31]} c5 {[%emt 0:04:40]} 17. Nf4 {[%emt 0:08:25]} Bxb2 {[%emt 0:00:11]} 18. Qxb2 {[%emt 0:00:05]} Nf6 {[%emt 0:00:02]} 19. Rae1 {[%emt 0:02:53]} Qb7 {[%emt 0:03:53]} 20. h3 {[%emt 0:04:03]} Nd7 {[%emt 0:06:22]} 21. Nd5 {[%emt 0:02:47]} a5 {[%emt 0:01:06]} 22. Rf2 {[%emt 0:03:04]} Ne5 {[%emt 0:04:08]} 23. Re3 {[%emt 0:04:57]} Nc6 {[%emt 0:07:36]} 24. h4 {[%emt 0:12:27]} Ne5 {[%emt 0:01:51]} 25. h5 {[%emt 0:04:16]} h6 {[%emt 0:02:44]} 26. g4 {[%emt 0:01:09]} c6 {[%emt 0:05:43]} 27. Nf4 {[%emt 0:07:19]} a4 {[%emt 0:00:38]} 28. Nd3 {[%emt 0:01:53]} axb3 {[%emt 0:04:07]} 29. axb3 {[%emt 0:02:36]} Nd7 {[%emt 0:07:09]} 30. f4 {[%emt 0:06:36]} Rab8 $11 {[%emt 0:09:49]} (30... Nf6 $17 31. Kf3 Qd7) 31. Qe2 {[%emt 0:02:38]} Qc8 {[%emt 0:06:26]} 32. Nc1 {[%emt 0:09:11]} Nf6 {[%emt 0:01:16]} 33. f5 {[%emt 0:01:43]} d5 {[%emt 0:04:31]} 34. e5 {[%emt 0:00:33]} Ne4 {[%emt 0:00:51]} 35. Rxe4 {[%emt 0:01:05]} dxe4 {[%emt 0:00:05]} 36. Qxe4 {[%emt 0:00:07]} Qd8 {[%emt 0:00:34]} 37. Nd3 {[%emt 0:01:34]} Rxb3 {[%emt 0:02:49]} 38. Nxc5 {[%emt 0:00:25]} Ra3 {[%emt 0:05:11]} 39. f6 {[%emt 0:02:55]} Qc7 {[%emt 0:07:06]} 40. Nd3 {[%emt 0:00:00]} gxf6 {[%emt 0:00:00]} 41. Rxf6 {[%emt 0:05:26]} Qd8 {[%emt 0:02:59]} 42. Rg6+ {[%emt 0:16:10]} Kf8 {[%emt 0:00:18]} 43. Qf4 {[%emt 0:03:07]} Rxd3 {[%emt 0:01:24]} 44. Qxh6+ {[%emt 0:00:35]} Ke7 {[%emt 0:00:05]} 45. Re6+ {[%emt 0:00:52]} 1/2-1/2

[Event "EYCC Open U14 2018"]
[Site "Riga"]
[Date "2018.08.24"]
[Round "5"]
[White "Subelj, Jan"]
[Black "Boyer, Mahel"]
[Result "0-1"]
[WhiteElo "2341"]
[BlackElo "2189"]
[Annotator "NA"]
[PlyCount "76"]
[EventDate "2018.08.20"]
[EventType "swiss"]
[EventCountry "LAT"]
[SourceTitle "playchess.com"]
[Source "ChessBase"]
[SourceQuality "1"]
[TimeControl "40/5400+30:1800+30"]

1. e4 {[%emt 0:00:00]} e6 {[%emt 0:00:00]} 2. d4 {[%emt 0:00:00]} d5 {[%emt 0:00:00]} 3. Bd3 {[%emt 0:00:18]} c5 {[%emt 0:01:37]} 4. exd5 {[%emt 0:00:23]} exd5 {[%emt 0:01:19]} 5. dxc5 {[%emt 0:01:10]} Bxc5 {[%emt 0:00:09]} 6. Nf3 {[%emt 0:00:44]} Nf6 {[%emt 0:12:41]} 7. O-O {[%emt 0:02:10]} O-O {[%emt 0:00:05]} 8. Nbd2 {[%emt 0:16:47]} Nc6 {[%emt 0:00:41] C01: Französische Verteidigung (Abtauschvariante)} 9. Nb3 {[%emt 0:00:07]} Bb6 {[%emt 0:01:50]} 10. Bg5 {[%emt 0:06:47] LiveBook: 6 Games} (10. h3 Ne4 11. c3 Qf6 12. Bc2 Rd8 13. Nbd4 h6 14. Be3 Bd7 15. Re1 Qg6 {½-½ (38) Guseinov,G (2631)-Zvjaginsev,V (2659) Khanty-Mansiysk 2013}) 10... Bg4 {[%emt 0:03:36]} 11. Be2 {[%emt 0:18:51]} Re8 {[%emt 0:06:51]} 12. Nfd4 {[%emt 0:02:53]} Bxe2 {[%emt 0:14:09]} 13. Nxe2 {[%emt 0:00:02]} Qe7 $146 {[%emt 0:04:11]} ({Vorgänger:} 13... h6 14. Bxf6 Qxf6 15. c3 Rad8 16. Qd2 Re4 17. Rae1 Rde8 18. Ng3 Rxe1 19. Rxe1 Qxf2+ {0-1 (19) Dvirnyy,D (2447)-Contin,D (2291) Arvier 2009}) 14. Ng3 {[%emt 0:06:31]} Qe5 {[%emt 0:08:36]} 15. Bxf6 {[%emt 0:04:22]} Qxf6 {[%emt 0:00:10]} 16. Qxd5 {[%emt 0:09:11]} Qxb2 $17 {[%emt 0:02:13]} 17. c4 {[%emt 0:01:21]} Rad8 {[%emt 0:07:33]} 18. Qg5 {[%emt 0:00:35]} Qe5 {[%emt 0:08:32]} 19. Nf5 {[%emt 0:02:07]} g6 {[%emt 0:07:23]} 20. Nh6+ {[%emt 0:00:07]} Kg7 {[%emt 0:00:03]} 21. Qh4 {[%emt 0:00:06]} f5 {[%emt 0:02:58]} 22. Rae1 {[%emt 0:02:07]} Qf6 {[%emt 0:06:12]} 23. Qf4 {[%emt 0:00:52]} g5 {[%emt 0:02:20]} 24. Nxf5+ {[%emt 0:04:39]} Kg6 {[%emt 0:00:08]} 25. Nh4+ {[%emt 0:00:32]} gxh4 {[%emt 0:00:03]} 26. Qg4+ {[%emt 0:00:01]} Qg5 {[%emt 0:01:25]} 27. Re6+ {[%emt 0:00:13]} Rxe6 {[%emt 0:00:04]} 28. Qxe6+ {[%emt 0:00:02]} Qf6 {[%emt 0:00:24]} 29. Qe4+ {[%emt 0:00:03]} Kg7 {[%emt 0:00:40]} 30. c5 {[%emt 0:00:05]} Bc7 {[%emt 0:00:11]} 31. f4 {[%emt 0:00:32]} Rd7 {[%emt 0:02:55]} 32. Qe2 {[%emt 0:00:42]} Qf5 {[%emt 0:00:38]} 33. Qf2 {[%emt 0:00:37]} h3 {[%emt 0:00:37]} 34. gxh3 {[%emt 0:00:28]} Kf8 {[%emt 0:01:00]} 35. Nd2 {[%emt 0:00:29]} Nd4 {[%emt 0:00:34]} 36. Nf3 {[%emt 0:00:30]} Nxf3+ {[%emt 0:00:07]} 37. Qxf3 {[%emt 0:00:01]} Qxc5+ {[%emt 0:00:08]} 38. Kh1 {[%emt 0:00:18]} Qd5 {[%emt 0:00:31]} 0-1

[Event "EYCC Open U14 2018"]
[Site "Riga"]
[Date "2018.08.24"]
[Round "5"]
[White "Pogosyan, Stefan"]
[Black "Van Dael, Siem"]
[Result "1-0"]
[WhiteElo "2331"]
[BlackElo "2174"]
[Annotator "NA"]
[PlyCount "55"]
[EventDate "2018.08.20"]
[EventType "swiss"]
[EventCountry "LAT"]
[SourceTitle "playchess.com"]
[Source "ChessBase"]
[SourceQuality "1"]
[TimeControl "40/5400+30:1800+30"]

1. d4 {[%emt 0:00:00]} Nf6 {[%emt 0:00:00]} 2. c4 {[%emt 0:00:00]} g6 {[%emt 0:00:00]} 3. Nc3 {[%emt 0:00:00]} Bg7 {[%emt 0:00:00]} 4. g3 {[%emt 0:00:00]} O-O {[%emt 0:00:00]} 5. Bg2 {[%emt 0:00:00]} d6 {[%emt 0:00:04]} 6. Nf3 {[%emt 0:00:00]} Nbd7 {[%emt 0:00:04]} 7. O-O {[%emt 0:00:07]} e5 {[%emt 0:00:05]} 8. e4 {[%emt 0:00:03]} Re8 {[%emt 0:00:06]} 9. Re1 {[%emt 0:00:33]} exd4 {[%emt 0:00:09]} 10. Nxd4 {[%emt 0:00:05]} a6 {[%emt 0:00:08]} 11. h3 {[%emt 0:01:22]} Rb8 {[%emt 0:00:08]} 12. f4 {[%emt 0:11:58]} Nc5 {[%emt 0:53:26]} 13. b3 {[%emt 0:17:42]} Bd7 {[%emt 0:09:06]} 14. Bb2 {[%emt 0:02:18]} b5 {[%emt 0:02:11]} 15. cxb5 {[%emt 0:07:51]} axb5 {[%emt 0:00:27]} 16. b4 {[%emt 0:00:08]} Na4 {[%emt 0:03:00]} 17. Nxa4 {[%emt 0:00:20]} bxa4 {[%emt 0:00:05]} 18. Nc2 {[%emt 0:12:00]} ({White should try} 18. e5 $11 dxe5 19. fxe5) 18... Qc8 $11 {[%emt 0:03:27]} 19. g4 {[%emt 0:02:41]} Nh5 {[%emt 0:17:15]} 20. Bxg7 {[%emt 0:01:16]} Nxg7 {[%emt 0:00:05]} 21. f5 {[%emt 0:10:17]} Qb7 {[%emt 0:06:17]} 22. a3 {[%emt 0:07:41]} Bc6 {[%emt 0:01:51]} 23. f6 {[%emt 0:09:23]} Ne6 {[%emt 0:00:29]} 24. Qd2 {[%emt 0:00:22]} Kh8 {[%emt 0:02:35]} 25. Rac1 {[%emt 0:02:19]} Qb6+ {[%emt 0:00:51]} 26. Kh1 {[%emt 0:00:56]} Ba8 {[%emt 0:00:37]} 27. Ne3 {[%emt 0:01:01]} Nf4 {[%emt 0:00:30]} 28. Nc4 {[%emt 0:00:25]} 1-0

[Event "EYCC Open U14 2018"]
[Site "Riga"]
[Date "2018.08.24"]
[Round "5"]
[White "Trifan, Andrei Ioan"]
[Black "Hoffmann, Yair"]
[Result "1/2-1/2"]
[WhiteElo "2308"]
[BlackElo "2112"]
[Annotator "NA"]
[PlyCount "83"]
[EventDate "2018.08.20"]
[EventType "swiss"]
[EventCountry "LAT"]
[SourceTitle "playchess.com"]
[Source "ChessBase"]
[SourceQuality "1"]
[TimeControl "40/5400+30:1800+30"]

1. e4 {[%emt 0:00:00]} c6 {[%emt 0:00:00]} 2. d4 {[%emt 0:00:00]} d5 {[%emt 0:00:00]} 3. exd5 {[%emt 0:00:09]} cxd5 {[%emt 0:00:00]} 4. c4 {[%emt 0:00:30]} Nf6 {[%emt 0:00:43]} 5. Nc3 {[%emt 0:01:08]} e6 {[%emt 0:00:16]} 6. Nf3 {[%emt 0:02:11]} Be7 {[%emt 0:00:34]} 7. cxd5 {[%emt 0:04:46]} Nxd5 {[%emt 0:01:29]} 8. Bd3 {[%emt 0:01:23]} O-O {[%emt 0:02:59]} 9. O-O {[%emt 0:00:24]} Nc6 {[%emt 0:00:52]} 10. Re1 {[%emt 0:02:42]} Nf6 {[%emt 0:02:47]} 11. a3 {[%emt 0:05:21]} b6 {[%emt 0:07:16]} 12. Bg5 {[%emt 0:01:09]} Bb7 {[%emt 0:02:34]} 13. Bc2 {[%emt 0:00:34]} Rc8 {[%emt 0:04:14] LiveBook: 84 Games} 14. Qd3 {[%emt 0:06:51]} g6 {[%emt 0:00:46]} 15. Rad1 {[%emt 0:06:33]} Nd5 {[%emt 0:09:46]} 16. Bh6 {[%emt 0:07:43]} Nxc3 {[%emt 0:07:25]} 17. bxc3 {[%emt 0:10:16]} Re8 {[%emt 0:01:53]} 18. c4 {[%emt 0:09:21]} Na5 {[%emt 0:07:08]} (18... Bf8 $5 {[%cal Rf8h6]} 19. Bd2 Qc7 $11) 19. Ne5 {[%emt 0:08:03]} Bg5 {[%emt 0:03:06]} 20. Qh3 {[%emt 0:05:50]} Bxh6 {[%emt 0:13:20]} 21. Qxh6 {[%emt 0:00:59]} Qf6 {[%emt 0:00:12]} 22. Ng4 {[%emt 0:05:30]} Qg7 {[%emt 0:00:06]} 23. Qg5 $16 {[%emt 0:04:04]} Kf8 {[%emt 0:04:58]} 24. c5 {[%emt 0:02:34]} Red8 {[%emt 0:01:33]} 25. Qf4 {[%emt 0:02:38]} g5 {[%emt 0:03:35]} 26. Qe3 {[%emt 0:03:39]} Bd5 {[%emt 0:03:03]} 27. Bd3 {[%emt 0:02:01]} Bb3 {[%emt 0:02:28]} 28. Rd2 {[%emt 0:00:57]} Rxd4 {[%emt 0:00:19]} 29. cxb6 {[%emt 0:01:10]} axb6 {[%emt 0:01:04]} 30. Ba6 {[%emt 0:00:51]} Rcd8 {[%emt 0:02:31]} 31. Rxd4 {[%emt 0:00:38]} Rxd4 {[%emt 0:00:50]} 32. Ne5 {[%emt 0:00:46]} Rd6 {[%emt 0:01:39]} 33. Qc3 {[%emt 0:01:26]} Kg8 {[%emt 0:02:08]} 34. Qc7 {[%emt 0:00:59]} Rd5 {[%emt 0:02:17]} 35. Qxb6 {[%emt 0:01:00]} Qf6 {[%emt 0:01:08]} 36. Qb4 {[%emt 0:01:14]} Kg7 {[%emt 0:01:36]} 37. Qe4 {[%emt 0:00:21]} Rd6 {[%emt 0:01:09]} 38. Bd3 {[%emt 0:00:25]} h6 {[%emt 0:01:47]} 39. h3 {[%emt 0:01:38]} Bd5 {[%emt 0:01:15]} 40. Qb4 {[%emt 0:00:00]} Qd8 {[%emt 0:00:00]} 41. Be4 {[%emt 0:13:52]} Bxe4 {[%emt 0:17:47]} 42. Qxe4 {[%emt 0:00:32]} 1/2-1/2

[Event "EYCC Open U14 2018"]
[Site "Riga"]
[Date "2018.08.24"]
[Round "5"]
[White "Patrelakis, Evaggelos"]
[Black "Kirillov, Dmitry"]
[Result "1/2-1/2"]
[WhiteElo "2235"]
[BlackElo "2209"]
[Annotator "NA"]
[PlyCount "66"]
[EventDate "2018.08.20"]
[EventType "swiss"]
[EventCountry "LAT"]
[SourceTitle "playchess.com"]
[Source "ChessBase"]
[SourceQuality "1"]
[TimeControl "40/5400+30:1800+30"]

1. e4 {[%emt 0:00:00]} e5 {[%emt 0:00:00]} 2. Nf3 {[%emt 0:00:00]} Nc6 {[%emt 0:00:00]} 3. Bc4 {[%emt 0:00:00]} Bc5 {[%emt 0:00:00]} 4. c3 {[%emt 0:00:04]} Nf6 {[%emt 0:05:47]} 5. d3 {[%emt 0:00:15]} h6 {[%emt 0:01:01]} 6. Bb3 {[%emt 0:00:48] C54: Giuoco Piano: 4 c3 Nf6, main lines with 5 d4 and 5 d3} (6. b4 Bb6 7. a4 a6 8. O-O O-O 9. Bb3 d6 10. Nbd2 Be6 11. Bxe6 fxe6 12. Nc4 Ba7 13. Qb3 Qe8 14. Be3 Bxe3 15. Nxe3 {½-½ (54) Rapport,R (2707)-Safarli,E (2639) Riadh 2017}) 6... O-O {[%emt 0:00:40]} 7. h3 {[%emt 0:00:31]} d5 {[%emt 0:03:03]} 8. Qe2 {[%emt 0:01:56]} Re8 {[%emt 0:11:28]} 9. Nbd2 {[%emt 0:03:49]} Be6 {[%emt 0:04:27] LiveBook: 3 Games} 10. g4 {[%emt 0:08:33]} Qd7 {[%emt 0:13:43]} 11. Nf1 $146 {[%emt 0:08:34]} (11. g5 $11 hxg5 12. Nxg5) ({Predecessor:} 11. Ba4 Qd6 12. Nf1 a6 13. Ng3 Rad8 14. Nf5 Bxf5 15. gxf5 dxe4 16. dxe4 {1-0 (44) Turebayeva,A (2089)-Kiseleva,O (1752) Satka 2013}) 11... Rad8 {[%emt 0:04:41]} 12. Ng3 $1 {[%emt 0:05:29]} a5 {[%emt 0:03:05]} 13. g5 {[%emt 0:06:27]} dxe4 {[%emt 0:04:40]} 14. dxe4 {[%emt 0:01:01]} Bxb3 {[%emt 0:01:18]} 15. axb3 {[%emt 0:00:58]} hxg5 {[%emt 0:00:26]} 16. Bxg5 {[%emt 0:02:07]} Qe6 {[%emt 0:00:32]} 17. Nf5 {[%emt 0:07:08]} Ne7 {[%emt 0:01:00]} 18. Nxe7+ {[%emt 0:19:53]} Bxe7 {[%emt 0:00:48]} 19. Rxa5 {[%emt 0:10:33]} Ra8 {[%emt 0:02:01]} 20. Ra4 {[%emt 0:00:52]} Rxa4 {[%emt 0:09:45]} 21. bxa4 {[%emt 0:00:01]} Ra8 {[%emt 0:01:38]} 22. Qb5 {[%emt 0:03:25]} Bd6 $14 {[%emt 0:07:36]} (22... Nxe4 $15 23. Qxb7 Rxa4 24. Bxe7 Qxe7) 23. Bxf6 {[%emt 0:04:07]} Qxf6 {[%emt 0:00:13]} 24. Nd2 {[%emt 0:00:20]} c6 {[%emt 0:04:39]} 25. Qc4 {[%emt 0:01:40]} Qf4 {[%emt 0:01:32]} 26. Ke2 {[%emt 0:02:31]} Rd8 {[%emt 0:01:11]} 27. Qd3 {[%emt 0:00:38]} Qh4 {[%emt 0:05:10]} 28. Qg3 {[%emt 0:01:15]} Qh6 {[%emt 0:00:46]} 29. Nc4 {[%emt 0:02:01]} b5 {[%emt 0:01:43]} 30. axb5 {[%emt 0:01:37]} cxb5 {[%emt 0:00:06]} 31. Nxd6 {[%emt 0:00:09]} Qxd6 {[%emt 0:00:29]} 32. Qe3 {[%emt 0:01:00]} b4 {[%emt 0:01:09]} 33. Ra1 {[%emt 0:01:05]} Qc6 {[%emt 0:05:21]} 1/2-1/2